Els Primers assaigs de regionalització a Catalunya : 1813 i 1820 / Jesús Burgueño 1813 i 1820 / Jesús Burgueño
Descripción Física:
p. 121-134 ; 21 x 30 cm
Materias:
Catalunya -- Història -- S. XIX
MARC
| LEADER | 00000nam a2200000Ia 4500 | ||
|---|---|---|---|
| 001 | 9829 | ||
| 008 | 160829s1991 xx 000 0 cat d | ||
| 080 | |a FU-25-25 | ||
| 100 | |a Burgueño, Jesús |9 22776 | ||
| 245 | |a Els Primers assaigs de regionalització a Catalunya : |b 1813 i 1820 / Jesús Burgueño | ||
| 260 | |a Barcelona : |b Societat Catalana de Geografia (IEC), |c 1991 | ||
| 300 | |a p. 121-134 ; |c 21 x 30 cm | ||
| 590 | |a Fotocòpia de l'original | ||
| 650 | 0 | |a Catalunya |x Història |x S. XIX |9 34149 | |
| 710 | 2 | |a Societat Catalana de Geografia |9 54626 | |
| 901 | |a Arxiu | ||
| 942 | |n 1 | ||
| 952 | |0 0 |1 0 |4 0 |6 FU2525 |7 1 |9 42870 |a Arxiu |b Arxiu |d 2016-12-01 |l 0 |o FU-25-25 |p 9829 |r 2016-12-01 00:00:00 |w 2016-12-01 |y ARXIU | ||
| 999 | |c 45376 |d 45376 | ||